Apoyo al programa primero aprendo, una experiencia con docentes /
Sábháilte in:
| Príomhchruthaitheoir: | |
|---|---|
| Rannpháirtithe: | , , , |
| Formáid: | LEABHAR |
| Teanga: | Spanish |
| Foilsithe / Cruthaithe: |
San José, Costa Rica :
INIE,
2008
|
| Ábhair: | |
| Clibeanna: |
Cuir clib leis
Níl clibeanna ann, Bí ar an gcéad duine le clib a chur leis an taifead seo!
|
MARC
| LEADER | 00000nam a2200000Ia 4500 | ||
|---|---|---|---|
| 008 | 180704b2008 cr ||||| |||| 00| | spa d | ||
| 999 | |c 2003 |d 2003 | ||
| 090 | |a 06.06.02 |b 1332 CD #139 | ||
| 100 | |a Cordero Cordero, Teresita |9 715 | ||
| 245 | 1 | 0 | |a Apoyo al programa primero aprendo, una experiencia con docentes / |c Teresita Cordero Cordero; Consuelo Arguedas Quesada; Julieta Castro Bonilla; Sonia Carballo Vargas; Lupita Chaves Salas |
| 260 | |a San José, Costa Rica : |b INIE, |c 2008 | ||
| 300 | |a 83 páginas | ||
| 500 | |a Proyecto de Acción Social ED-2036\El CD #139 contiene: Taller con maestras y maestros de la Escuela Corazón de Jesús, Liberia y de la Escuela Central Los Guido en Desamparados. | ||
| 650 | 1 | 4 | |a FORMACIÓN DE DOCENTES |9 9 |
| 650 | 1 | 4 | |a CAPACITACIÓN |9 729 |
| 700 | 1 | |a Arguedas Quesada, Consuelo |9 736 | |
| 700 | 1 | |a Castro Bonilla, Julieta |9 1082 | |
| 700 | 1 | |a Carballo Vargas, Sonia |9 191 | |
| 700 | 1 | |a Chaves Salas, Ana Lupita |9 255 | |
| 942 | |i 0051 ,003447 ,003448 ,001288 ,001289 |h 06.06.02 1332 CD #139 |2 z |c 04 | ||
